Estatísticas para Capitais Brasileiras

Clique aqui para jogar o quiz

Estatísticas Gerais

  • Esse quiz foi jogado 20,241 vezes
  • A pontuação média é 21 de 27

Estatísticas das Respostas

Estado Capital % Correto
Distrito FederalBrasília
94%
BahiaSalvador
94%
Rio de JaneiroRio de Janeiro
93%
GoiásGoiânia
91%
AmazonasManaus
91%
São PauloSão Paulo
90%
Minas GeraisBelo Horizonte
90%
AcreRio Branco
88%
ParanáCuritiba
85%
CearáFortaleza
85%
AmapáMacapá
84%
Espírito SantoVitória
84%
ParáBelém
81%
Rio Grande do SulPorto Alegre
80%
Santa CatarinaFlorianópolis
79%
MaranhãoSão Luís
77%
Rio Grande do NorteNatal
76%
PernambucoRecife
75%
TocantinsPalmas
75%
Mato GrossoCuiabá
74%
AlagoasMaceió
70%
Mato Grosso do SulCampo Grande
69%
ParaíbaJoão Pessoa
67%
PiauíTeresina
64%
RondôniaPorto Velho
62%
SergipeAracaju
55%
RoraimaBoa Vista
51%

Distribuição das Pontuações

Percentil de Números Respondidos

Porcentagem de Pessoas com Cada Pontuação

Sua Pontuação Histórica

Você não jogou esse quiz